| 000 | 01513cam a22002054a 4500 | ||
|---|---|---|---|
| 005 | 20250605163943.0 | ||
| 008 | 250528s ||||||||||||||||||||||||d | ||
| 035 | _a15107 | ||
| 020 | _a140091394 | ||
| 040 |
_aGR-AtMCL _bgre _dGR-AtMCL _eAACR2 |
||
| 245 | 1 | _aIntroducing Management / General Perspectives, Trends and Developments for the Student and Layreader | |
| 260 |
_bPenguin Books, _c1985 |
||
| 300 | _a496 | ||
| 520 | _aThis book is intended to advance our knowledge of management rather than simply to reinforce received wisdom. Preface, Acknowledgements, Perspectives, Management: Science or Activity?, The Real Work of Managers, Self-Management, Management of Organizations, Communication in Organizations, Leadership, Control, The Context of Management, Ownership and Management and Strategic Control, Government Policy and the Economic System, Industrial Relations, Employee Participation, Internal Politics, Ethics in Business, Culture's Consequences, The American Company in Britain, Japanese Management, Management of Functional Areas, Research and Development Strategies, Production and Operation Management, Personnel Management: An Organizational Perspective, Accountants and the Finance Function, Management Services, The Advent of Computerization: North and South, Corporate Strategy and Strategic Management, Thinking About Change, Further Reading, References, Index. | ||
| 700 | 1 |
_aElliott Ken _9953 |
|
| 700 | 1 |
_aLawrence Peter _9954 |
|
| 942 | _cBK | ||
| 999 |
_c704 _d704 |
||